Modeling of Investment Determinants of Territory Development: Imperatives of Adaptation to the Conditions World Market

Investičná politika je súčasťou štátnej hospodárskej politiky Ukrajiny, ktorej cieľom je zabezpečiť pozitívny investičný imidž krajiny, priaznivú investičnú klímu a všeobecný hospodársky rast krajiny. Investičná atraktívnosť krajiny, úroveň jej konkurencieschopnosti, ekonomická stabilita a bezpečnos...

Ausführliche Beschreibung

Gespeichert in:
Bibliographische Detailangaben
1. Verfasser: Karpenko, Lidiia
Weitere Verfasser: Kucharčík, Rudolf, 1977-, Augustín, Michael, 1991-
Format: Buchkapitel
Sprache:Englisch
Schlagworte:
Tags: Tag hinzufügen
Keine Tags, Fügen Sie das erste Tag hinzu!

MARC

LEADER 00000naa$a2200000$$$4500
001 0303156
005 20240729085316.3
041 0 |a eng 
044 |a UA 
245 1 0 |a Modeling of Investment Determinants of Territory Development: Imperatives of Adaptation to the Conditions World Market  |c Lidiia Karpenko, Rudolf Kucharčík, Michael Augustín 
520 |a Investičná politika je súčasťou štátnej hospodárskej politiky Ukrajiny, ktorej cieľom je zabezpečiť pozitívny investičný imidž krajiny, priaznivú investičnú klímu a všeobecný hospodársky rast krajiny. Investičná atraktívnosť krajiny, úroveň jej konkurencieschopnosti, ekonomická stabilita a bezpečnosť a sociálna a ekonomická životná úroveň obyvateľstva závisia od efektívneho mechanizmu realizácie investičnej politiky. 
610 2 0 |a ekonomika 
610 2 0 |a politika investičná 
610 2 0 |a Ukrajina 
610 2 0 |a trh svetový 
610 2 0 |a správa štátna 
100 1 |a Karpenko, Lidiia 
700 1 |a Kucharčík, Rudolf, 1977- 
700 1 |a Augustín, Michael, 1991-